Famous Erics Quiz - Statistics

General Stats
  • This quiz has been taken 120 times
  • The average score is 6 of 20
Answer Stats
Hint Answer % Correct
Younger brother of Ivanka Eric Trump
80%
"Wonderful Tonight" guitarist Eric Clapton
77%
Discovered Greenland Erik the Red
65%
"South Park" character Eric Cartman
61%
Portrayed Hulk in 2003 Eric Bana
59%
Julia's brother and Emma's father Eric Roberts
52%
Manchester United forward playernicknamed "King Eric" by the fans Eric Cantona
38%
East German leader, 1971–1989 Erich Honecker
32%
Manchester United manager Erik ten Hag
32%
Mayor of New York City, 2022– Eric Adams
24%
"That '70s Show" main character Eric Forman
19%
Swedish DJ of "Call on Me" Eric Prydz
15%
K-pop singer whose last nameis a short version of a Southeast Asian country Eric Nam
14%
He did not "sing", but he did play the drums for Kiss Eric Singer
13%
Adult Swim talk show host Eric André
12%
Paris Conservatoire composer Erik Satie
11%
He killed 13 people in a schoolin Colorado with Dylan Klebold Eric Harris
10%
Top German strategistduring WWI Erich Ludendorff
10%
CEO of Google, 2001–2011 Eric Schmidt
9%
Zoom founder who shares a last name with a Chinese dynasty Eric Yuan
9%
No matching quizzes found
Score Distribution
Percent of People with Each Score
Percentile by Number Answered
Your Score History
You have not taken this quiz